000 00708nam a22002177a 4500
003 UA-OsUOA
001 124510
007 ta
008 20170811b un ||||| |||| 00| 0 ukr d
100 _aГолота Л.
090 _a82
_bГ61
942 _cSA
040 _aUA-OsUOA
_bukr
_cUA-OsUOA
_dUA-OsUOA
245 _aМорально-світоглядна освітня система Гртгорія Сковороди. Всеукраїнські Сковородинські навчання "Пізнай себе"
300 _aС.1, 10-11
955 _a0
041 _aukr
080 _a82
773 0 _w124509
650 7 _a82 Література. Літературознавство
_2UDC
999 _c411984
_d411984